Statistics for Arctic Monkeys Lyrics - You Probably Couldn't See For The Lights...

Click here to take the quiz!

General Stats

  • This quiz has been taken 29 times
  • The average score is 180 of 224

Answer Stats

Lyrics% Correct
I
100%
it
100%
on
100%
a
95%
and
95%
And
95%
in
95%
the
95%
You
95%
you
95%
be
90%
but
90%
But
90%
go
90%
how
90%
I'm
90%
It's
90%
it's
90%
its
90%
look
90%
my
90%
no
90%
our
90%
say
90%
so
90%
that
90%
They
90%
To
90%
to
90%
When
90%
when
90%
you're
90%
as
86%
could
86%
face
86%
gone,
86%
Never
86%
never
86%
now
86%
One
86%
one
86%
see
86%
sends
86%
their
86%
there
86%
up
86%
up,
86%
us
86%
veins,
86%
all
81%
at
81%
Back
81%
book
81%
can't
81%
comes
81%
had
81%
has
81%
heads
81%
if
81%
me
81%
me,
81%
not
81%
standin'
81%
through
81%
want
81%
what
81%
yeah
81%
best
76%
coursin'
76%
desirable
76%
Doing
76%
don't
76%
easier
76%
faces
76%
feelin'
76%
like
76%
of
76%
races
76%
stupid
76%
tricks,
76%
write
76%
acting
71%
another
71%
Are
71%
bad
71%
bit
71%
expressions
71%
feeling
71%
gibberish,
71%
hello
71%
more
71%
oh,
71%
quite
71%
red
71%
sure
71%
talkin'
71%
tense,
71%
than
71%
this
71%
again,
67%
anything
67%
brains
67%
'Cause
67%
crack
67%
deliver
67%
form
67%
jokes
67%
make
67%
part
67%
play
67%
slightly
67%
smile
67%
tenser,
67%
they're
67%
think
67%
Those
67%
tryin'
67%
Well,
67%
well,
67%
coming
62%
dark,
62%
denial
62%
drownin'
62%
Everybody's
62%
half
62%
I'll
62%
peak
62%
Spencer
62%
tip
62%
tongue
62%
weren't
62%
Will
62%
you'd
62%
agree
57%
gettin'
57%
Properly,
57%
speak
57%
top
57%
claim
52%
Frank
52%
off
52%
heartbeat's
48%
showin'
48%
looks
43%

Score Distribution

Percentile by Number Answered

Percent of People with Each Score

Your Score History

You have not taken this quiz